Karnak-Nord III : (1945-1949) /

محفوظ في:

المؤلف الرئيسي: Christophe, Louis-A. (مؤلف)

مؤلفون آخرون: Robichon, C. 1906-

التنسيق: كتاب

اللغة: French

سلاسل: Fouilles de l'Institut français d'archéologie orientale du Caire ; 23.
FIFAO ; 23.

الموضوعات:

الوسوم: إضافة وسم

لا توجد وسوم, كن أول من يضع وسما على هذه التسجيلة!

رقم الطلب: ( R )DT57 .C182 v.23

LEADER 01384namaa2200361 4500
001 18232
003 OSt
005 20210111092208.0
008 130303s1951 ua af g 001 0 fre d
952 |0 0  |1 0  |2 lcc  |4 0  |7 1  |9 9363  |a ARCE  |b ARCE  |d 2021-01-11  |l 0  |o ( R )DT57 .C182 v.23  |p 1036296  |r 2021-01-11 00:00:00  |w 2021-01-11  |y BK 
999 |c 17755  |d 17755 
040 |c ARCE Library 
043 |a f-ua--- 
050 0 4 |a ( R )DT57 .C182 v.23 
100 1 |a Christophe, Louis-A.,  |e author 
245 1 0 |a Karnak-Nord III :  |b (1945-1949) /   |c fouilles conduites par C. Robichon ; rapport de Louis A. Christophe. 
246 3 |a Karnak-Nord trois. 
246 3 |a Karnak-Nord 3. 
264 1 |a Le Caire :  |b Institut français d'archéologie orientale,  |c 1951. 
300 |a vii, 147 pages, 50 leaves of plates :  |b illustrations ;  |c 32 cm. 
336 |a text  |b txt  |2 rdacontent 
337 |a unmediated  |b n  |2 rdamedia 
338 |a volume  |b nc  |2 rdacarrier 
490 1 |a Fouilles de l'Institut français d'archéologie orientale du Caire ;   |v 23. 
490 1 |a FIFAO ;   |v 23. 
500 |a Includes index. 
650 0 |a Excavations (Archaeology)  |z Egypt  |z Karnak. 
651 0 |a Karnak (Egypt)  |x Antiquities. 
700 1 |a Robichon, C.  |q (Clément),  |d 1906-  |9 38552 
830 0 |a Fouilles de l'Institut français d'archéologie orientale du Caire ;   |v 23. 
830 0 |a FIFAO ;   |v 23. 
901 |a reviewed 
942 |c BK  |2 lcc